000 00567nam a22001937a 4500
003 NUST - PNEC
005 20170116180826.0
008 150703b xxu||||| |||| 00| 0 eng d
020 _a072730318X
040 _cLIBRARY
082 _a629.243 BAS
100 _94343
_aBastow, Donald
245 _aCar suspension and handling
_cDonald Bastow
250 _a3rd ed
260 _aLondon
_bSociety of Automotive Engineers Inc
_cc1987.
300 _a362 p. :
650 _94347
_aAutomobiles--Springs and suspension--Design and construction
_xMIS / ME
942 _2ddc
_cBK
999 _c63873
_d63873